Modern day countries of the Hanseatic League - Statistics

General Stats
  • This quiz has been taken 754 times
  • The average score is 7 of 7
Answer Stats
Cities Country % Correct
Lübeck (capital), Hamburg, Bremen, Cologne and 19 more Germany
99%
Gdańsk - Danzig (Gdańsk), Stettin (Szczecin) and 7 more Poland
97%
Königsberg (Kaliningrad) Russia
94%
Stockholm, Visby Sweden
93%
Riga Latvia
92%
Reval (Tallinn), Dorpat (Tartu) Estonia
91%
Deventer, Groningen, Kampen Netherlands
91%
No matching quizzes found
Score Distribution
Percent of People with Each Score
Percentile by Number Answered
Your Score History
You have not taken this quiz